Todo hombre bueno es libre

Furkejuvvon:
Bibliográfalaš dieđut
Váldodahkki: Filón
Materiálatiipa: Girji
Giella:Spanish
Almmustuhtton: Buenos Aires, Argentina Aguilar 1962
Fáttát:
Fáddágilkorat: Lasit fáddágilkoriid
Eai fáddágilkorat, Lasit vuosttaš fáddágilkora!

MARC

LEADER 00000nam a2200000Ia 4500
008 170316s9999 xx 000 0 spa d
040 |a cru BVZT 
090 |a 100 F-12.2t 
100 |a Filón 
245 |a Todo hombre bueno es libre  |c Filón 
260 |a Buenos Aires, Argentina 
260 |b Aguilar 
260 |c 1962 
300 |a 88 páginas 
650 |a FILOSOFÍA  |9 5 
650 |a TODO HOMBRE BUENO ES LIBRE  
999 |c 16144  |d 16144 
942 |c LIB  |h 100 F-12.2t  |2 z